[Event "Konjic op 12th"]
[Site "Konjic"]
[Date "2023.03.03"]
[Round "4"]
[White "Bajic, Salko"]
[Black "Mrkovic, Nikola"]
[Result "0-1"]
[WhiteElo "1729"]
[BlackElo "1779"]
[PlyCount "87"]
[EventDate "2023.03.01"]
[EventType "swiss"]
[EventRounds "7"]
[EventCountry "BIH"]
[SourceTitle "CBM 213 Extra"]
[Source "ChessBase"]
[SourceDate "2023.05.31"]
[SourceVersion "1"]
[SourceVersionDate "2023.05.31"]
[SourceQuality "1"]

1. e4 e5 2. Nf3 Nc6 3. Bb5 a6 4. Ba4 b5 5. Bb3 Bc5 6. c3 Nf6 7. Bc2 d6 8. h3 0-0 9. 0-0 h6 10. d4 Bb6 11. Be3 exd4 12. cxd4 Re8 13. Nbd2 Nb4 14. Bb1 c5 15. a3 Nc6 16. d5 Ne7 17. Nh2 Ng6 18. Re1 Bb7 19. f3 c4 20. Ndf1 Bxe3+ 21. Nxe3 Qb6 22. Kh1 Nh5 23. Nhf1 Ngf4 24. Kh2 Bc8 25. Qd2 Ng6 26. g4 Ne5 27. Qg2 Nf4 28. Qg3 g5 29. Nf5 Bxf5 30. gxf5 Qd4 31. Ra2 c3 32. bxc3 Qxc3 33. Nd2 Rec8 34. f6 Kh7 35. h4 Rg8 36. Rc2 Qxa3 37. hxg5 hxg5 38. Rh1 Kg6 39. Kg1 Ne2+ 40. Kg2 Nxg3 41. Kxg3 Qe3 42. Rh2 Rh8 43. Rf2 Nd3 44. Rf1 0-1

[Event "Konjic op 12th"]
[Site "Konjic"]
[Date "2023.03.02"]
[Round "3"]
[White "Mrkovic, Nikola"]
[Black "Mihasi, Erald"]
[Result "0-1"]
[WhiteElo "1779"]
[BlackElo "1909"]
[PlyCount "78"]
[EventDate "2023.03.01"]
[EventType "swiss"]
[EventRounds "7"]
[EventCountry "BIH"]
[SourceTitle "CBM 213 Extra"]
[Source "ChessBase"]
[SourceDate "2023.05.31"]
[SourceVersion "1"]
[SourceVersionDate "2023.05.31"]
[SourceQuality "1"]

1. e4 c6 2. d4 d5 3. exd5 cxd5 4. Bd3 Nf6 5. c3 Qc7 6. Bg5 Bg4 7. Nf3 Nbd7 8. Nbd2 e6 9. Qc2 Bd6 10. 0-0 0-0 11. Rfe1 Bh5 12. Bh4 Bg6 13. Bg3 Nh5 14. Bxd6 Qxd6 15. Ne5 a6 16. Ndf3 b5 17. a3 Nb6 18. Nxg6 hxg6 19. Ne5 Nc4 20. Bxc4 bxc4 21. Re3 Ra7 22. Rh3 Rb7 23. g4 Nf6 24. Rb1 Nd7 25. f4 Nxe5 26. fxe5 Qe7 27. Qd2 Rfb8 28. Qf2 Rb3 29. a4 Qg5 30. Rg3 Rxb2 31. Rxb2 Qc1+ 32. Qf1 Qxf1+ 33. Kxf1 Rxb2 34. Rg2 Rb1+ 35. Ke2 Rc1 36. Kd2 Ra1 37. Ke3 Rxa4 38. Rb2 Ra3 39. Kd2 g5 0-1

[Event "Sarajevo Bosna op 51st"]
[Site "Sarajevo"]
[Date "2022.12.06"]
[Round "6"]
[White "Mrkovic, Nikola"]
[Black "Juic, Ranko"]
[Result "0-1"]
[WhiteElo "1788"]
[BlackElo "1999"]
[PlyCount "85"]
[EventDate "2022.12.02"]
[EventType "swiss"]
[EventRounds "7"]
[EventCountry "BIH"]
[SourceTitle "CBM 211 Extra"]
[Source "ChessBase"]
[SourceDate "2023.01.31"]
[SourceVersion "1"]
[SourceVersionDate "2023.01.31"]
[SourceQuality "1"]

1. e4 d6 2. d4 Nf6 3. Nc3 g6 4. h3 c6 5. Nf3 Bg7 6. Bd3 0-0 7. Be3 b5 8. a3 Bb7 9. 0-0 a5 10. Qd2 Na6 11. Rfe1 Nc7 12. a4 b4 13. Ne2 c5 14. Ng3 cxd4 15. Nxd4 Nd7 16. c3 bxc3 17. bxc3 Nc5 18. Bc2 Rc8 19. Bh6 N5e6 20. Bxg7 Kxg7 21. Rab1 Ba8 22. Nge2 Nc5 23. f3 N7e6 24. Nxe6+ fxe6 25. Nd4 e5 26. Nb5 Bc6 27. c4 Bd7 28. Nc3 Ne6 29. Bb3 Nd4 30. Ba2 Rxf3 31. Nd5 Be6 32. Nb6 Rc5 33. Nd5 Bxd5 34. exd5 Rxh3 35. Qf2 Rh5 36. g4 Rh3 37. Re3 Rxe3 38. Qxe3 Qd7 39. Rb2 Qxg4+ 40. Rg2 Qf4 41. Qh3 Nf3+ 42. Kf1 Ng5+ 43. Rf2 0-1

[Event "Lukavac op 8th"]
[Site "Lukavac"]
[Date "2019.11.25"]
[Round "6"]
[White "Habibovic, Hazim"]
[Black "Mrkovic, Nikola"]
[Result "0-1"]
[WhiteElo "1854"]
[BlackElo "1555"]
[PlyCount "114"]
[EventDate "2019.11.22"]
[EventType "swiss"]
[EventRounds "7"]
[EventCountry "BIH"]
[SourceTitle "CBM 193 Extra"]
[Source "ChessBase"]
[SourceDate "2020.01.31"]
[SourceVersion "1"]
[SourceVersionDate "2020.01.31"]
[SourceQuality "1"]

1. Nf3 d5 2. d4 Bf5 3. c4 e6 4. Nc3 Nf6 5. Bg5 Be7 6. e3 h6 7. Bxf6 Bxf6 8. h3 0-0 9. Qb3 dxc4 10. Bxc4 b6 11. e4 Bg6 12. e5 Be7 13. Rd1 c6 14. Bd3 Bxd3 15. Rxd3 Na6 16. a3 Nc5 17. Qc2 Nxd3+ 18. Qxd3 Qc7 19. Qe4 Rfd8 20. 0-0 Rd7 21. Rc1 Qb7 22. Qg4 Rad8 23. Ne4 Kh8 24. Qh5 Kg8 25. Rc3 c5 26. Nf6+ gxf6 27. Qxh6 Qe4 28. exf6 Bf8 29. Qg5+ Qg6 30. Qxg6+ fxg6 31. dxc5 Bxc5 32. Ng5 Rf7 33. Rf3 Rdf8 34. b4 Rxf6 35. bxc5 Rxf3 36. Nxf3 bxc5 37. Ne5 Kg7 38. g3 g5 39. Kf1 Rf5 40. Nc4 Rd5 41. Ke2 Kf6 42. Ke3 Rd4 43. Nd2 Ra4 44. Ne4+ Kg6 45. Nxc5 Rxa3+ 46. Ke4 Kf6 47. Nd7+ Ke7 48. Ne5 Ra4+ 49. Ke3 a5 50. h4 gxh4 51. gxh4 Kf6 52. f4 Kf5 53. Nd3 Ra3 54. h5 a4 55. Kd4 Ra1 56. Kc3 Rh1 57. Kb4 a3 0-1

[Event "Lukavac op 8th"]
[Site "Lukavac"]
[Date "2019.11.24"]
[Round "4"]
[White "Djuric, Anastasija"]
[Black "Mrkovic, Nikola"]
[Result "0-1"]
[WhiteElo "1078"]
[BlackElo "1555"]
[PlyCount "134"]
[EventDate "2019.11.22"]
[EventType "swiss"]
[EventRounds "7"]
[EventCountry "BIH"]
[SourceTitle "CBM 193 Extra"]
[Source "ChessBase"]
[SourceDate "2020.01.31"]
[SourceVersion "1"]
[SourceVersionDate "2020.01.31"]
[SourceQuality "1"]

1. d4 d5 2. Nc3 Bf5 3. Bf4 c6 4. Nf3 e6 5. e3 Bd6 6. Bg3 Nf6 7. Bd3 Bxd3 8. Qxd3 h6 9. Bxd6 Qxd6 10. h3 Nbd7 11. 0-0 0-0 12. Rfe1 e5 13. dxe5 Nxe5 14. Nxe5 Qxe5 15. Qd4 Rfe8 16. Rad1 b6 17. Qxe5 Rxe5 18. a3 Rae8 19. Kf1 Kf8 20. a4 Ne4 21. Nxe4 Rxe4 22. Rd4 Rxd4 23. exd4 Rxe1+ 24. Kxe1 Ke7 25. Kd2 Ke6 26. Ke3 c5 27. dxc5 bxc5 28. g4 a5 29. f4 f5 30. b3 g5 31. c3 fxg4 32. hxg4 gxf4+ 33. Kxf4 Kd6 34. Kf5 d4 35. cxd4 cxd4 36. Ke4 Kc5 37. Kd3 Kb4 38. Kxd4 Kxb3 39. Ke5 Kxa4 40. Kf6 Kb4 41. Kg6 a4 42. Kxh6 a3 43. g5 a2 44. g6 a1Q 45. g7 Qh1+ 46. Kg6 Qg2+ 47. Kh7 Qh3+ 48. Kg6 Qg4+ 49. Kh6 Qh4+ 50. Kg6 Qd8 51. Kf7 Qd7+ 52. Kg6 Qe8+ 53. Kh7 Qh5+ 54. Kg8 Qe8+ 55. Kh7 Qh5+ 56. Kg8 Kc5 57. Kf8 Qf5+ 58. Ke7 Qg6 59. Kf8 Qf6+ 60. Kg8 Kd6 61. Kh7 Qh4+ 62. Kg8 Qd8+ 63. Kh7 Qe7 64. Kg6 Qe8+ 65. Kh7 Qh5+ 66. Kg8 Ke6 67. Kf8 Qf7# 0-1

[Event "EU-ch U14"]
[Site "Bratislava"]
[Date "2019.08.03"]
[Round "2"]
[White "Mrkovic, Nikola"]
[Black "Soucek, Petr"]
[Result "0-1"]
[WhiteElo "1517"]
[BlackElo "1882"]
[PlyCount "112"]
[EventDate "2019.08.02"]
[EventType "swiss"]
[EventRounds "9"]
[EventCountry "SVK"]
[SourceTitle "EXT 2020"]
[Source "ChessBase"]
[SourceDate "2019.10.17"]
[SourceVersion "1"]
[SourceVersionDate "2019.10.17"]
[SourceQuality "1"]

1. e4 e5 2. Nf3 Nc6 3. d4 exd4 4. Nxd4 Bc5 5. Nxc6 Qf6 6. Qf3 dxc6 7. Bc4 h5 8. h3 Qg6 9. Nd2 Nf6 10. Bd3 Nd7 11. Nb3 Ne5 12. Qg3 Qxg3 13. fxg3 Bd6 14. Bf4 h4 15. Be2 f6 16. g4 Ng6 17. Bxd6 cxd6 18. 0-0-0 Ke7 19. Nd4 Nf4 20. Bf3 g6 21. Ne2 Ne6 22. Rd2 Nc7 23. Nf4 Rg8 24. Rhd1 g5 25. Ne2 Rd8 26. g3 hxg3 27. Nxg3 Na6 28. Be2 Nc5 29. b4 Na4 30. Bc4 Nb6 31. Bb3 a5 32. a3 axb4 33. axb4 Be6 34. Nf5+ Bxf5 35. exf5 d5 36. Re2+ Kf7 37. Rde1 Ra1+ 38. Kd2 Rxe1 39. Rxe1 Nd7 40. c4 Ne5 41. Kc3 d4+ 42. Kc2 Rh8 43. c5+ Kf8 44. Be6 Rxh3 45. Bc8 Rc3+ 46. Kd1 Rb3 47. Bxb7 Rxb4 48. Ba6 Ra4 49. Bb7 d3 50. Re3 Ra5 51. Bxc6 Rxc5 52. Bf3 Ra5 53. Kc1 Ra1+ 54. Kb2 Rf1 55. Bg2 Nc4+ 56. Kc3 Nxe3 0-1

[Event "Sarajevo Bosna op 49th"]
[Site "Sarajevo"]
[Date "2019.04.30"]
[Round "6"]
[White "Mujicic, Benjamin"]
[Black "Mrkovic, Nikola"]
[Result "0-1"]
[WhiteElo "1488"]
[BlackElo "1448"]
[PlyCount "120"]
[EventDate "2019.04.27"]
[EventType "swiss"]
[EventRounds "9"]
[EventCountry "BIH"]
[SourceTitle "CBM 190 Extra"]
[Source "ChessBase"]
[SourceDate "2019.07.15"]
[SourceVersion "1"]
[SourceVersionDate "2019.07.15"]
[SourceQuality "1"]

1. Nf3 Nc6 2. d4 d5 3. c4 e6 4. Nc3 Nf6 5. e3 dxc4 6. Bxc4 Be7 7. 0-0 0-0 8. Re1 Bb4 9. a3 Ba5 10. Bd2 Re8 11. Ne2 Bxd2 12. Qxd2 e5 13. d5 Ne7 14. Nc3 e4 15. Ng5 Bf5 16. f3 exf3 17. Nxf3 Ne4 18. Nxe4 Bxe4 19. Rad1 Qd7 20. Ne5 Qd6 21. Qd4 Bg6 22. Nxg6 Nxg6 23. e4 Ne5 24. Ba2 Qg6 25. Kh1 a6 26. h3 Rad8 27. Qc3 c6 28. Qb4 Qg3 29. Rf1 Nd3 30. Qd2 Ne5 31. Qf2 Qxf2 32. Rxf2 cxd5 33. exd5 Kf8 34. Rfd2 Rd6 35. Rc2 b6 36. b4 Ke7 37. Rc7+ Rd7 38. Rxd7+ Kxd7 39. Kg1 Rc8 40. Bb1 Rc3 41. a4 Rb3 42. Bxh7 g6 43. Re1 Kd6 44. Bg8 Rxb4 45. Rf1 Ke7 46. Re1 Kf6 47. Rd1 Kg7 48. d6 Kxg8 49. d7 Nxd7 50. Rxd7 Rxa4 51. Kf2 b5 52. Ke1 Ra2 53. g3 b4 54. Rd2 Rxd2 55. Kxd2 a5 56. Kc2 a4 57. h4 Kg7 58. g4 Kf6 59. Kb2 Ke5 60. Kc2 Kf4 0-1

[Event "Sarajevo Bosna op 49th"]
[Site "Sarajevo"]
[Date "2019.04.28"]
[Round "3"]
[White "Mrkovic, Nikola"]
[Black "Radulov, Nevena"]
[Result "1/2-1/2"]
[WhiteElo "1448"]
[BlackElo "1704"]
[PlyCount "118"]
[EventDate "2019.04.27"]
[EventType "swiss"]
[EventRounds "9"]
[EventCountry "BIH"]
[SourceTitle "CBM 190 Extra"]
[Source "ChessBase"]
[SourceDate "2019.07.15"]
[SourceVersion "1"]
[SourceVersionDate "2019.07.15"]
[SourceQuality "1"]

1. e4 c5 2. Nf3 d6 3. d4 cxd4 4. Nxd4 Nf6 5. Nc3 a6 6. Be2 e5 7. Nb3 Be6 8. 0-0 b5 9. a3 Be7 10. Be3 Nbd7 11. f3 Nb6 12. Na5 Qc7 13. Qe1 Nc4 14. Nxc4 Bxc4 15. Bxc4 Qxc4 16. Qe2 Qxe2 17. Nxe2 d5 18. exd5 Nxd5 19. Bf2 Rc8 20. c3 0-0 21. Rad1 Rfd8 22. Rd3 f5 23. Rfd1 Nf6 24. Nc1 Rxd3 25. Rxd3 e4 26. fxe4 Nxe4 27. Be3 g5 28. g3 Kf7 29. Ne2 h6 30. Nd4 Kf6 31. Nb3 Rg8 32. Kf1 h5 33. Ke2 h4 34. Kf3 hxg3 35. hxg3 g4+ 36. Kg2 Re8 37. Bf4 Bd8 38. Nd2 Bb6 39. Nxe4+ Rxe4 40. Rd6+ Re6 41. Rxe6+ Kxe6 42. Kf1 Kd5 43. Ke2 Ke4 44. b3 Bd8 45. a4 Bf6 46. axb5 axb5 47. Kd2 Bg7 48. Kc2 Bf6 49. c4 bxc4 50. bxc4 Kd4 51. Kb3 Kc5 52. Bb8 Kc6 53. Kb4 Be7+ 54. Kc3 Bc5 55. Kd3 Bb6 56. Be5 Bf2 57. Bf4 Bc5 58. Be5 Bf2 59. Bf4 Bc5 1/2-1/2

[Event "Sarajevo Bosna op 49th"]
[Site "Sarajevo"]
[Date "2019.04.27"]
[Round "1"]
[White "Mrkovic, Nikola"]
[Black "Jerkovic, Maroje"]
[Result "0-1"]
[WhiteElo "1448"]
[BlackElo "2145"]
[PlyCount "70"]
[EventDate "2019.04.27"]
[EventType "swiss"]
[EventRounds "9"]
[EventCountry "BIH"]
[SourceTitle "CBM 190 Extra"]
[Source "ChessBase"]
[SourceDate "2019.07.15"]
[SourceVersion "1"]
[SourceVersionDate "2019.07.15"]
[SourceQuality "1"]

1. e4 c5 2. Nf3 Nc6 3. d4 cxd4 4. Nxd4 Nf6 5. Nc3 e5 6. Nb3 Bb4 7. Bd3 d5 8. exd5 Nxd5 9. Bd2 Nxc3 10. bxc3 Bd6 11. 0-0 Qh4 12. Re1 Bg4 13. f3 Be6 14. Be4 Rd8 15. Qe2 0-0 16. Be3 Qe7 17. Qb5 a6 18. Qb6 Qc7 19. Rad1 Rfe8 20. Rd2 Bxb3 21. cxb3 Qxb6 22. Bxb6 Bc5+ 23. Bxc5 Rxd2 24. f4 Rxa2 25. Bxc6 bxc6 26. fxe5 h6 27. h3 Kh7 28. Kh2 Kg6 29. Kg3 Kf5 30. Rf1+ Ke6 31. Rd1 Rc8 32. Rf1 a5 33. Re1 Rb8 34. b4 a4 35. Rd1 Rc8 0-1